Las relaciones de organización y el sistema jurídico del Derecho privado.

Guardat en:
Dades bibliogràfiques
Autor principal: Richard, Efraín Hugo (autor)
Format: Llibre
Idioma:espanyol
Publicat: Córdoba, República Argentina: Ediciones de la Academia Nacional de Derecho y Ciencias Sociales de Córdoba, 2000.
Col·lecció:Academia Nacional de Derecho y Ciencias Sociales de Córdoba, 24.
Matèries:
Etiquetes: Afegir etiqueta
Sense etiquetes, Sigues el primer a etiquetar aquest registre!

MARC

LEADER 00000nam a2200000 a 4500
001 UCO9932
003 CL-VaPUC
005 20220822114347.0
008 010316e20000000AG |||||||||||||||||spa|d
999 |c 293946  |d 293944 
040 |c Pontificia Universidad Católica de Valparaíso 
082 0 4 |a 346 RIC 2000  |2 21 
100 0 |a Richard, Efraín Hugo  |e autor  |9 455159 
245 1 4 |a Las relaciones de organización y el sistema jurídico del Derecho privado.  
260 |a Córdoba, República Argentina:  |b Ediciones de la Academia Nacional de Derecho y Ciencias Sociales de Córdoba,  |c 2000. 
300 |a 610 páginas.  
490 0 |a Academia Nacional de Derecho y Ciencias Sociales de Córdoba, 24. 
500 |a c.2 Donación Familia Prof. Alejandro Guzmán Brito. 
583 |a last modification  |c 20010316 00:00:00  |k Rodrigo Vera 
650 0 |a Derecho privado  |9 258243  |z Argentina  
650 0 |a Personalidad jurídica   |9 315329  |z Argentina  
650 0 |a Derecho comercial   |9 256340  |z Argentina  
942 |c BK  |2 ddc  |n 0 
945 |d 20010316 00:00:00  |a vberengu 
952 |0 0  |1 0  |4 0  |6 346_000000000000000_RIC_2000  |7 0  |8 A  |9 345744  |a BIBDER  |b BIBDER  |d 2019-11-20  |i 3700011  |o 346 RIC 2000  |p 3700011  |r 2023-01-25  |w 2019-11-20  |y BK  |k DER